Central Library OPAC University of Rajshahi

Adventures in appreciation / (Record no. 20037)

MARC details
000 -LEADER
fixed length control field 01152nam a22003251i 4500
001 - CONTROL NUMBER
control field 20037
003 - CONTROL NUMBER IDENTIFIER
rucl marc code BD-RjUL
005 - DATE AND TIME OF LATEST TRANSACTION
control field 20211209000519.0
008 - FIXED-LENGTH DATA ELEMENTS--GENERAL INFORMATION
fixed length control field 140226s1947 nyua 001 0 eng
035 ## - SYSTEM CONTROL NUMBER
System control number (BD-RjUL)20099
System control number (OCoLC)3569150
040 ## - CATALOGING SOURCE
Original cataloging agency DLC
Transcribing agency DNIE
Modifying agency BD-RjUL
Language of cataloging eng
041 ## - LANGUAGE CODE
Language code of text/sound track or separate title eng
082 04 - DEWEY DECIMAL CLASSIFICATION NUMBER
Classification number 820.82
Author mark and year COA 1947
100 1# - MAIN ENTRY--PERSONAL NAME
Personal name Cook, Luella B.
Fuller form of name (Luella Bussey),
Dates associated with a name 1890-
9 (RLIN) 54081
245 10 - TITLE STATEMENT
Title Adventures in appreciation /
Statement of responsibility, etc. Luella B. Cook, H. A. Miller, Walter Loban.
250 ## - EDITION STATEMENT
Edition statement 3d 1947 ed.
260 ## - PUBLICATION, DISTRIBUTION, ETC. (IMPRINT)
Place of publication, distribution, etc. New York :
Name of publisher, distributor, etc. Harcourt, Brace,
Date of publication, distribution, etc. c1947.
300 ## - PHYSICAL DESCRIPTION
Pagination ix, 750 p. :
Illustrations ill. ;
Size 24 cm.
500 ## - GENERAL NOTE
General note "The fourth book in Adventures series for the six years of the junior and senior high schools ... designed for use at the tenth grade level." - pref.
General note First edition edited by H. C. Schweikert, H. Augustus Miller and Luella B. Cook.
504 ## - BIBLIOGRAPHY, ETC. NOTE
Bibliography, etc Includes index.
650 #0 - SUBJECT ADDED ENTRY--TOPICAL TERM
Topical term or geographic name as entry element English literature.
9 (RLIN) 61657
Topical term or geographic name as entry element American literature.
9 (RLIN) 61658
700 1# - ADDED ENTRY--PERSONAL NAME
Personal name Miller, H. A.
Personal name Loban, Walter,
942 ## - ADDED ENTRY ELEMENTS (KOHA)
Source of classification or shelving scheme Dewey Decimal Classification
Koha item type Books
Holdings
Lost status Source of classification or shelving scheme Damaged status Not for loan Collection code Permanent Location Current Location Shelving location Date acquired Source of acquisition Total Checkouts Full call number Date last seen Copy number Koha item type
  Dewey Decimal Classification   Not For Loan Non-fiction Central Library, University of Rajshahi Central Library, University of Rajshahi Reading Room 30/06/1961 Asia foundation   820.82 COA 1947 26/02/2014 C-1 Books